Λίμνες : πολιτείες του νερού
Αποθηκεύτηκε σε:
| Άλλοι συγγραφείς: | , |
|---|---|
| Μορφή: | Βιβλίο |
| Γλώσσα: | Greek |
| Δημοσίευση: |
Αθήνα :
Τοπίο,
[χ.χ.].
|
| Θέματα: | |
| Ετικέτες: |
Προσθήκη ετικέτας
Δεν υπάρχουν, Καταχωρήστε ετικέτα πρώτοι!
|
MARC
| LEADER | 00000cam a2200000 i 4500 | ||
|---|---|---|---|
| 001 | 1/2234 | ||
| 008 | 000425s1996 gr | ||| |||| ||gre|| | ||
| 020 | |a 9607646150 | ||
| 035 | |l 10060329 | ||
| 040 | |a GR-MY-UA |b gre |e aacr | ||
| 041 | 0 | |a gre | |
| 082 | 7 | |a 779.9436495 |2 (22) | |
| 245 | 0 | 0 | |a Λίμνες : |b πολιτείες του νερού / |c φωτογραφία: Δημήτρης Ταλιάνης ; κείμενο: Γιάννης Ρούσκας ; επιμέλεια: Αθηνά Δούντση. |
| 260 | |a Αθήνα : |b Τοπίο, |c [χ.χ.]. | ||
| 300 | |a 103 σ. : |b έγχρ. εικ. ; |c 24 εκ. | ||
| 650 | 0 | 0 | |a Lakes |z Greece |x Pictorial works. |
| 700 | 1 | |a Δούντση, Αθηνά, |e edtf | |
| 700 | 1 | |a Ταλιάνης, Δημήτρης, |d 1948- |e pht | |
| 700 | 1 | |a Ρούσκας, Ιωάννης Γ., |d 1943- |e oth | |
| 852 | |a INST |b LESVOS |e 20000425 |h 779.9436495 ΤΑΛ |p 005100020176 |q 005100020176 |t BK |y 0 | ||
| 852 | |a INST |b LESVOS |e 20100416 |h 779.9436495 ΤΑΛ |p 005100046953 |q 005100046953 |t BK |y 0 | ||
| 901 | |a BIBL1-2000-1 | ||
| 909 | |a Λ |b 072663 | ||
| 909 | |a Λ |b 163125 | ||
| 922 | |a 1ΕΛΗ |b 199912 |c ΤΑΚ/ΚΥΒ |d ΠΑΠΑΣΩΤΗΡΙΟΥ | ||
| 970 | |a ΑΙΒΑΤΖΙΔΟΥ |b ΕΛΕΝΗ |z 2000/04/25 | ||